Introduction to computer science,with examples in visual basic , c, c++, and java (Record no. 585468)
[ view plain ]
| 000 -LEADER | |
|---|---|
| fixed length control field | 00611nam a22001817a 4500 |
| 003 - CONTROL NUMBER IDENTIFIER | |
| control field | CEME |
| 005 - DATE AND TIME OF LATEST TRANSACTION | |
| control field | 20210628210704.0 |
| 008 - FIXED-LENGTH DATA ELEMENTS--GENERAL INFORMATION | |
| fixed length control field | 210201b xxu||||| |||| 00| 0 eng d |
| 020 ## - INTERNATIONAL STANDARD BOOK NUMBER | |
| International Standard Book Number | 0-07-116596-7 |
| 040 ## - CATALOGING SOURCE | |
| Transcribing agency | . |
| 082 ## - DEWEY DECIMAL CLASSIFICATION NUMBER | |
| Classification number | 004 MAT |
| 100 ## - MAIN ENTRY--PERSONAL NAME | |
| Personal name | Mata-Toledo, Ramon A,Cushman, Pauline K |
| 9 (RLIN) | 63405 |
| 245 ## - TITLE STATEMENT | |
| Title | Introduction to computer science,with examples in visual basic , c, c++, and java |
| 260 ## - PUBLICATION, DISTRIBUTION, ETC. | |
| Place of publication, distribution, etc. | NEW YORK |
| Name of publisher, distributor, etc. | MCGRAW HILL |
| Date of publication, distribution, etc. | 2000 |
| 300 ## - PHYSICAL DESCRIPTION | |
| Extent | VIII,296P |
| 650 ## - SUBJECT ADDED ENTRY--TOPICAL TERM | |
| Topical term or geographic name entry element | SCHAUMS OUTLINE SERIES.INTRODUCTION TO COMPUTER SCIENCE WITH EXAMPLES IN VISUAL BASIC , C, C++, AND JAVA |
| 9 (RLIN) | 80552 |
| 942 ## - ADDED ENTRY ELEMENTS (KOHA) | |
| Koha item type | Book |
| Source of classification or shelving scheme | |
| Withdrawn status | Lost status | Damaged status | Not for loan | Permanent Location | Current Location | Shelving location | Date acquired | Total Checkouts | Full call number | Barcode | Date last seen | Date last checked out | Price effective from | Koha item type |
|---|---|---|---|---|---|---|---|---|---|---|---|---|---|---|
| College of Electrical & Mechanical Engineering (CEME) | College of Electrical & Mechanical Engineering (CEME) | General Stacks | 03/09/2017 | 1 | 004 MAT | CEME-39754 | 01/27/2026 | 12/22/2022 | 06/28/2021 | Book | ||||
| College of Electrical & Mechanical Engineering (CEME) | College of Electrical & Mechanical Engineering (CEME) | General Stacks | 03/09/2017 | 1 | 004 MAT | CEME-39755 | 01/27/2026 | 12/22/2022 | 06/28/2021 | Book |
